Pakistan: muaashi, taaleemi aur samaji islahat (Record no. 590162)

000 -LEADER
fixed length control field 00336nam a22001217a 4500
082 ## - DEWEY DECIMAL CLASSIFICATION NUMBER
Classification number 338.90095491
100 ## - MAIN ENTRY--PERSONAL NAME
Personal name Nadeem ul Haq (Abdus Samad)
245 ## - TITLE STATEMENT
Title Pakistan: muaashi, taaleemi aur samaji islahat
260 ## - PUBLICATION, DISTRIBUTION, ETC.
Place of publication, distribution, etc. Islamabad
Name of publisher, distributor, etc. Pakistan Institute of Development Economics
300 ## - PHYSICAL DESCRIPTION
Extent 228p
563 ## - BINDING INFORMATION
Binding note P.B
942 ## - ADDED ENTRY ELEMENTS (KOHA)
Source of classification or shelving scheme
Koha item type Book
Holdings
Withdrawn status Lost status Source of classification or shelving scheme Damaged status Not for loan Permanent Location Current Location Date acquired Source of acquisition Total Checkouts Full call number Barcode Date last seen Price effective from Koha item type
          Central Library (CL) Central Library (CL) 06/22/2022 Donation   338.90095491 NAD CL-D-1801 06/22/2022 06/22/2022 Book
© 2023 Central Library, National University of Sciences and Technology. All Rights Reserved.